| 000 | 00827nam a2200205Ia 4500 | ||
|---|---|---|---|
| 003 | GCL | ||
| 008 | 140319s9999 xx 000 0 ara d | ||
| 020 | _a7638739921 | ||
| 040 |
_aGCL / _cGCL |
||
| 082 | 0 | 4 |
_aق _b916.2 _bم م |
| 100 | 1 | _aايمن فؤاد سيد | |
| 245 | 1 | 0 |
_aالمواعظ و الاعتبار فى ذكر الخطط و الاثار / _cايمن فؤاد سيد |
| 700 | 1 | _aالمقريزى : تقى الدين ابو العباس احمد بن على بن عبدالقادر بن محمد الحسينى العبيدى | |
| 260 |
_aانجلترا : _bمؤسسة الفرقان للتراث الاسلامى ، _c2002 |
||
| 300 |
_a1486 ص ؛ _c30 سم |
||
| 650 | 0 | 4 | _aالقبائل العربية |
| 650 | 0 | 4 | _aالمدن والقرى |
| 650 | 0 | 4 | _aمصر - وصف ورحلات |
| 942 |
_2ddc _cBK |
||
| 999 |
_c52222 _d52222 |
||